| 000 | 00524nam a22001817a 4500 | ||
|---|---|---|---|
| 003 | KOHA_MİRAKIL | ||
| 005 | 20251219092412.0 | ||
| 008 | 251219b tu ||||| |||| 00| 0 tur d | ||
| 020 | _a9786257377843 | ||
| 040 |
_aTR-AnABB _btur _cTR-AnABB |
||
| 041 | _atur | ||
| 082 |
_a658.827 _bTUR 2024 |
||
| 245 | 1 | 0 | _aTürkiye ve dünyadan ulus markalama / |
| 260 |
_aİstanbul : _bCumhurbaşkanlığı İletişim Başkanlığı Yayınları, _c2024 |
||
| 300 |
_a338 sayfa ; _c24 cm |
||
| 650 | 0 | 4 | _aTicaret |
| 942 |
_2ddc _cBK |
||
| 999 |
_c9780 _d9780 |
||
| 900 | _bGizem YORULMAZ | ||